Quizzes
Events
Quiz Creation
Community
Videos
Private Events
Remove Ads
Sign In
Join for FREE
Feedback
Dark Mode
Quiz Categories
Sports
Geography
Music
Movies
Television
Just For Fun
Miscellaneous
History
Literature
Language
Science
Gaming
Entertainment
Religion
Holiday
For Kids
Quiz Lab
Recent
Popular Today
Quiz Kudos Today
Editor Picks
Curator Picks
Quizzes by...
Day
Popularity
Type
Ratings
Length
Year
Community
Subscriptions
Recent Discussions
Orange Saloon
Badges
Playlists
Quests
Create
Leaderboards
Showdown
Live 5
Trivia Bingo
Activity
Puzzle Library
Sporcle Events
Private Events
Virtual Trivia
Globe League
Become a Host
Pub Owners
SporcleCon
Opinionation
Our Games
Videos
Blog
Mobile Apps
Partnerships
Remove Ads and Go Orange
Feedback
Miscellaneous
Crossword
General Knowledge
Baby Names
Logo
Food
Cars
Numbers
Grab Bag
University
College
Popular
Company
Slogans
Restaurants
Justice
Letter
Miscellaneous
Crossword
General Knowledge
Baby Names
Logo
Food
Cars
Numbers
Grab Bag
University
College
Popular
Company
Slogans
Restaurants
Justice
Letter
Random Quiz
Search Sporcle
×
Quiz Lab
Quiz Lab
Miscellaneous
Breed
Type in answers that appear in a list
Type in answers that appear in a list
Classic
Best Score? Go Orange.
Name that Horse Breed Stats
Can you name the Name that Horse Breed!?
By
lkvorona
9m
20 Questions
3,936 Plays
3,936 Plays
3,936 Plays
Comments
Comments
Give Quiz Kudos
Give Quiz Kudos
-
- Ratings
hide this ad
Replay
Link that replays current quiz
Next Quiz
Link to next quiz in quiz playlist
You Got
0%
They Got
Avg Score
45%
Avg Friend Score
Upgrade to see
Score Distribution
Jump to the score distribution portion of the page
Score
0/20
Timer
09:00
0
Plays Today
Fact
Horse Breed
% Correct
Best known for its use in horse racing.
Thoroughbred
92.1%
Most recognizable horse. It is known for it's head shape and high tail carriage. Known for their light but fast movements.
Arabian
83.7%
Famous due to being the horse of the western movies. Best used for western riding.
American Quarter Horse
80.6%
Known for it's leopard-
spotted coat pattern. Best known as a stock horse and used in western riding.
Appaloosa
75.8%
The feral horse of the west. It's the living symbol of the historic and pioneer spirit of the west.
Mustang
69%
One of the USA's earliest breeds. Named after it's owner who's initials are J.M
Morgan
62.1%
Two words: Anheuser-
Busch
Clydesdale
59.1%
Is from Lower Saxony(Germany). Named after the Grand Duchy of Oldenburg
Oldenburg
51%
Known for the pace. It is most famous for harness racing.
Standardbred
45.3%
Have a unique four-
beat 'running walk.' Known for being flashy and a comfortable ride.
Tennessee Walking Horse
40%
Fact
Horse Breed
% Correct
A draft horse that originated in France. They were famous European war horses. Known for their intelligence and willingness to work.
Percheron
38.4%
Are graceful and nimble for their size. It's ancestors were famous war horses in the Middle Ages because they could carry a knight and armor and still move with speed. Normally bla
Friesian
32.9%
Originates in Schleswig-
Hostein. It is a famous horse used for eventing.
Holsteiner
31.4%
Known for the 'fox trot' which is a unique gait characteristic of this horse.
Missouri Fox Trotter
29.5%
Native to the Caribbean after being imported from Spain, they are known for their smooth, lateral ambling gait.
Paso Fino
28.2%
Not exactly a breed but mainly deals with it spotted characteristics.
American Paint Horse
23.8%
Was first developed in Kentucky as a plantation horse. Many Civil War generals choose this breed as their mighty steed. Known for their elegance and used mainly for saddle seat.
American Saddlebred
20.8%
Known for doing the tolt which is known for its explosive acceleration and speed.
Icelandic Horse
19.3%
Originated in England and have no exact known history. Colorings are normally piebald or skewbald.
Gypsy Vanner
16.2%
Lightest and most refined of warmbloods. Known for it's floating trot
Trakehner
12.2%
Quiz Playlist
Details
Report
Send in Message
Add To Playlist
Classic:
Type in answers that appear in a list
Last Updated: Feb 16, 2017
Quiz Scoreboard
CHALLENGE
Sign Up to Join the Scoreboard
Show All
Scores
Hide
Comments
May contain spoilers
Recently Published
Popular People in 1961
by mucciniale
History
6m
1-10 Letter E Words III
by El_Dandy
Language
2m
One Thing in Common: World Cities II
by knightlancer
Geography
7m
More to Explore
Quiz From the Vault
Featured Blog Post
Where Did the Easter Bunny Come From?
hide this ad
You Might Also Like...
Tags
Breed
horse
Horse Breeds
Today's Top Quizzes in Miscellaneous
Browse Miscellaneous
hide this ad
Today's Top Quizzes in Breed
Browse Breed
Top Contributed Quizzes in Miscellaneous
1
The JOE quick-fire general knowledge quiz: Day 173
2
The JOE quick-fire general knowledge quiz: Day 172
3
Sunday Crossword: Famous Bodies of Water
4
Named After an Animal - Odd One Out!
5
sort kpop groups by number of members
6
One Thing in Common: United Kingdom II
7
The JOE quick-fire general knowledge quiz: Day 171
8
Lays Potato Chip Flavour Contest Finalists
9
The JOE quick-fire quiz: Day 170
10
Sunday Crossword: Themeless #5
Explore More
Trending Topics
Kpop
Harry Potter
Disney
Crossword
Anime
NBA
Marvel
Country
Soccer
The Office
Song
NFL
Puzzle
WWE
Pokémon
hide this ad
More By:
lkvorona
Quiz
Plays
Rating
Category
Featured
Created
Name that Horse Breed
3,936
3.58
Miscellaneous
Feb 14, 2010
Go to Creator's Profile
Score Distribution
Quiz Creator Spotlight
lkvorona
Follow
Send a Message
Quizzes Created
-
Created Quiz Play Count
-
More By This Creator
Popular Quizzes Today
1
Find the US States - No Outlines Minefield
2
The Countries of the World
3
Find the Countries of Europe - No Outlines Minefield
4
Popular People in 1961
5
1-10 Letter E Words III
6
Find the US States
7
One Thing in Common: World Cities II
8
US States
More Miscellaneous Quizzes
School Supplies Close-Up
Published
Trending Quizzes
Risky Map Clicking: Least Populous States A-Z
1-10 Letter F Words
1-10 Letter G Words
One Thing in Common: United Kingdom
Risky Map Clicking: Next State Alphabetically
Recently Updated
Leaping Animals
pecheneg
Reality TV Shows (A-Z)
bhenderson79
Rickey Henderson's Hall of Fame Teammates
pecheneg
Champions League XIs: Arsenal
pecheneg
Quick Pick: Celebrities in WWE's Hall of Fame
aduchscher
A-Z Keypad Blitz II
pecheneg
Multiple Oscar Actors
pecheneg
Mystery Phrase Blitz: Oscar 'Best Actors'
pecheneg
F. Scott Fitzgerald Novels
LTH
Pick 3 Villains
ddd62291
Trending Topics
Disney
NBA
Crossword
Kpop
Marvel
Anime
Harry Potter
Country
WWE
NFL
Soccer
Song
Puzzle
The Office
Pokémon
Your Account Isn't Verified!
In order to create a playlist on Sporcle, you need to verify the email address you used during registration. Go to your
Sporcle Settings
to finish the process.
Report this User
Report this user for behavior that violates our
Community Guidelines
.
Details:
Send Report
Go to the Sporcle.com Mobile Site →
Comments